[Event "15th ETC Women"]
[Site "Gothenburg SWE"]
[Date "2005.08.07"]
[Round "9"]
[White "Sikorova,O"]
[Black "Vajda,S"]
[Result "1-0"]
[WhiteElo "2232"]
[BlackElo "2392"]

1.e4 c5 2.Nf3 d6 3.Bb5+ Nc6 4.Bxc6+ bxc6 5.b3 e5 6.O-O Bg4 7.d3 Nf6 8.Nbd2 Be7
9.Nc4 Nd7 10.Ne3 Be6 11.Nd2 O-O 12.Qf3 g6 13.g4 Bg5 14.Ndc4 Qe7 15.Kh1 Rad8
16.Rg1 f6 17.Bb2 Rf7 18.Rg2 Nf8 19.Rag1 Bc8 20.Bc1 Ne6 21.Nf5 gxf5 22.gxf5 Ng7
23.Bxg5 fxg5 24.Rxg5 Kh8 25.Qh3 Rdf8 26.Qg3 Rg8 27.Qh4 Rff8 28.R1g3 Nxf5
29.exf5 Rxg5 30.Qxg5 Qxg5 31.Rxg5 Rf6 32.Kg2 Ba6 33.h4 Bxc4 34.dxc4 h6 35.Rg3 d5
36.cxd5 cxd5 37.Rc3 Rc6 38.Re3 e4 39.f3 exf3+ 40.Kxf3 Kg7 41.Kf4 Kf7 42.h5 d4
43.Rg3 c4 44.Rg6 Rc8 45.Ke4 d3 46.cxd3 c3 47.Rg1 c2 48.Rc1 Kf6 49.d4 Kg5
50.d5 Kxh5 51.Kf4  1-0

[Event "15th ETC Women"]
[Site "Gothenburg SWE"]
[Date "2005.08.07"]
[Round "9"]
[White "Klinova,M"]
[Black "Calzetta,M"]
[Result "1/2-1/2"]
[WhiteElo "2384"]
[BlackElo "2282"]

1.e4 c5 2.Nf3 d6 3.Bb5+ Nd7 4.O-O Nf6 5.Re1 e5 6.c3 Be7 7.d4 O-O 8.a4 Qc7
9.Na3 a6 10.Bf1 Rd8 11.h3 cxd4 12.cxd4 exd4 13.Bf4 Nc5 14.Rc1 Qa5 15.Nc4 Qxa4
16.Nb6 Qxd1 17.Rcxd1 Rb8 18.e5 Nfd7 19.exd6 Bf8 20.Nxc8 Rbxc8 21.Nxd4 g6
22.g3 Nf6 23.Nf3 Nh5 24.Be5 Rc6 25.g4 Ng7 26.Bg2 Nd7 27.Bg3 Rb6 28.Re2 Ne6
29.Ne5 Nxe5 30.Bxe5 Bxd6 31.Bxd6 Rbxd6 32.Rxd6 Rxd6 33.Bxb7 Nf4 34.Re3 Rb6
35.Bc8 Rxb2  1/2-1/2

[Event "Open"]
[Site "Olomouc CZE"]
[Date "2005.08.07"]
[Round "4"]
[White "Zeberski,J"]
[Black "Oleksienko,M"]
[Result "1/2-1/2"]
[WhiteElo "2338"]
[BlackElo "2487"]

1.e4 c5 2.Nf3 d6 3.Bb5+ Bd7 4.Bxd7+ Qxd7 5.c4 Nc6 6.d4 cxd4 7.Nxd4 Nf6 8.Nc3 e6
9.O-O Be7 10.b3 O-O 11.Bb2 a6 12.Nxc6 Qxc6 13.Qd3 Qc5 14.a4 Rfd8 15.Ba3 Qh5
16.Qg3 Nd7 17.Rad1 Nc5 18.Bxc5 Qxc5 19.Rd3 Rac8 20.Rfd1 Qb4 21.Qe3 Kf8 22.Na2 Qa3
23.Qd2 Qc5 24.Nc3 Qb4 25.Ne2 Qxd2 26.R3xd2 Rc5 27.Nd4 Bf6 28.f4 e5 29.fxe5 Rxe5
30.Nf5 Rxe4 31.Nxd6 Re7 32.Kf2 Red7 33.Ke2 b6 34.Ne4 Rxd2+ 35.Rxd2 Rxd2+
36.Kxd2 Be7 37.Kd3 f5 38.Nc3 Bc5 39.Nd5 a5 40.Kc3 Kf7 41.b4 axb4+ 42.Nxb4 Ke6
43.Nd3 Kd6 44.Kd2 g5 45.Ke2 Kc7 46.a5 Bd4  1/2-1/2

[Event "15th Summer Open"]
[Site "Recklinghausen GER"]
[Date "2005.08.07"]
[Round "7"]
[White "Mainka,R"]
[Black "Mikhaletz,L"]
[Result "1/2-1/2"]
[WhiteElo "2446"]
[BlackElo "2451"]

1.e4 c5 2.Nf3 d6 3.Bb5+ Bd7 4.Bxd7+ Nxd7 5.O-O Ne5 6.Nxe5 dxe5 7.d3 e6 8.Be3 Rc8
9.Nd2 Ne7 10.Qh5 Nc6 11.Nc4 g6 12.Qd1 Be7 13.a4 b6 14.f4 exf4 15.Bxf4 O-O
16.Bh6 Re8 17.Qf3 f6 18.Qh3 Qd7 19.Kh1 Rcd8 20.Rf2 f5 21.Re1 Bf6 22.e5 Be7
23.b3 Kh8 24.Qg3 Qd4 25.Qf3 Rd5 26.Bc1 Qc3 27.Qd1 Nd4 28.Bb2 Qb4 29.Ba3 Qc3
30.Bb2  1/2-1/2

[Event "American Continental"]
[Site "Buenos Aires ARG"]
[Date "2005.08.08"]
[Round "3"]
[White "Garcia,Gild"]
[Black "Contreras,H"]
[Result "1-0"]
[WhiteElo "2453"]
[BlackElo "2328"]

1.e4 c5 2.Nf3 d6 3.Bb5+ Bd7 4.Bxd7+ Qxd7 5.O-O Nc6 6.Re1 e5 7.c3 g6 8.d4 Bg7
9.dxc5 dxc5 10.Qa4 Nge7 11.Be3 b6 12.Rd1 Qb7 13.Na3 O-O 14.Rd6 Rfd8 15.Rad1 Rxd6
16.Rxd6 a6 17.Qd1 h6 18.h4 Rc8 19.h5 g5 20.Nh2 Qb8 21.Ng4 Kh7 22.Rd7 Rc7
23.Rd6 Rb7 24.g3 Nd4 25.Nc4 b5 26.cxd4 exd4 27.e5 bxc4 28.Qc2+ Kh8 29.Bc1 c3
30.bxc3 Ng8 31.cxd4 cxd4 32.Rxd4 Rc7 33.Rc4 Rxc4 34.Qxc4 Bxe5 35.Be3 Bg7
36.Qxf7 Qb4 37.Qe6 a5 38.Ne5 Qb1+ 39.Kh2 Nf6 40.Bd4 Kh7 41.Qf7 Qe4 42.Qg6+ Qxg6
43.hxg6+ Kg8 44.Kg2 Nd5 45.Kf3 a4 46.Ke4 Ne7 47.Bc5 Bf8 48.Bxe7 Bxe7 49.Kf5 Kg7
50.g4 Bc5 51.f3 Bd6 52.Nd3 Ba3 53.Nf2 Bd6 54.Ne4 Bb4 55.Ng3 Bc3 56.Nh5+ Kg8
57.g7 Bxg7 58.Kg6 Bf8 59.Nf6+ Kh8 60.Nd7 Bg7 61.Nc5 a3 62.Ne6 Bc3 63.Kxh6  1-0

[Event "American Continental"]
[Site "Buenos Aires ARG"]
[Date "2005.08.08"]
[Round "3"]
[White "Real de Azua,E"]
[Black "Zukerfeld,A"]
[Result "1-0"]
[WhiteElo "2386"]
[BlackElo "2237"]

1.e4 c5 2.Nf3 d6 3.Bb5+ Nd7 4.c3 Nf6 5.Qe2 a6 6.Ba4 e5 7.O-O b5 8.Bc2 Be7
9.d4 O-O 10.Rd1 Qc7 11.a4 Bb7 12.dxe5 dxe5 13.axb5 axb5 14.Rxa8 Rxa8 15.Na3 b4
16.Nc4 bxc3 17.bxc3 Ra2 18.Bb2 Ba6 19.Bb3 Ra5 20.Qc2 Rb5 21.Ba2 h6 22.Nfd2 Qb8
23.Qc1 Bb7 24.Ne3 Qa8 25.f3 Ra5 26.Bb3 Bc6 27.Ndc4 Ra6 28.Nf5 Bf8 29.Ncd6 Bxd6
30.Nxd6 Ba4 31.Bxf7+ Kf8 32.Bb3 Qb8 33.Bxa4 Rxd6 34.Rxd6 Qxd6 35.Qd1 Qc7
36.Bb5 c4 37.Ba3+ Kg8 38.Qd6 Qa7+ 39.Kf1 Qe3 40.Bxc4+ Kh7 41.Qd3 Qa7 42.Bc1 Qa1
43.Qc2 Nb6 44.Bb3 Nfd7 45.Kf2 Qa5 46.Be3 Nc5 47.g3 Qb5 48.Bxc5 Qxc5+ 49.Kg2 Nd7
50.Be6 Nf6 51.Qd2 Qe7 52.Bd5 Qc5 53.h4 Qb6 54.c4 Qc5 55.Qf2 Nd7 56.Qxc5 Nxc5
57.f4 Kg6 58.fxe5 Nd3 59.e6 Kf6 60.Kf3 g5 61.hxg5+ hxg5 62.Ke3 Nc5 63.Kd4 Nb3+
64.Kc3 Nc5 65.e5+ Ke7 66.Kd4 Nb3+ 67.Ke4  1-0

[Event "92nd ch-GBR"]
[Site "Douglas IOM"]
[Date "2005.08.08"]
[Round "7"]
[White "Hall,Dan"]
[Black "Bonafont,P"]
[Result "1/2-1/2"]
[WhiteElo "2037"]
[BlackElo "2116"]

1.e4 c5 2.Nf3 d6 3.Bb5+ Bd7 4.Bxd7+ Qxd7 5.O-O Nc6 6.c3 Nf6 7.Re1 e6 8.d4 cxd4
9.cxd4 d5 10.e5 Ne4 11.Nbd2 Nxd2 12.Bxd2 Be7 13.Rc1 O-O 14.a3 b5 15.Rc3 Rfc8
16.Rd3 Qd8 17.Ree3 Na5 18.Bxa5 Qxa5 19.h4 Qd8 20.h5 Rc6 21.Nd2 Rac8 22.Qg4 Rc2
23.Rg3 Bf8 24.f4 Rxb2 25.f5 exf5 26.Qxf5 Rc1+ 27.Nf1 Qc8 28.Qf6 Rc6 29.Qg5 Rb1
30.Rdf3 Rd1 31.Rg4 a5 32.Rgf4 Rc7 33.Kh2 Rxf1 34.Rxf1 Bxa3 35.h6 g6 36.Qf6 Qf8
37.e6 Bd6 38.Kg1 Bxf4 39.Rxf4 Re7 40.exf7+ Qxf7 41.Qd6 Qe6 42.Qb8+ Re8 43.Qb7 Re7  1/2-1/2

[Event "Proclient Cup GMB"]
[Site "Olomouc CZE"]
[Date "2005.08.08"]
[Round "8"]
[White "Voloshin,L"]
[Black "Bakre,T"]
[Result "1/2-1/2"]
[WhiteElo "2477"]
[BlackElo "2467"]

1.e4 c5 2.Nf3 d6 3.Bb5+ Bd7 4.Bxd7+ Qxd7 5.O-O Nf6 6.d3 Nc6 7.Nc3 e6 8.h3 Be7
9.Be3 O-O 10.Re1 a6 11.a4 Qc7 12.d4  1/2-1/2

[Event "American Continental"]
[Site "Buenos Aires ARG"]
[Date "2005.08.10"]
[Round "5"]
[White "Ripari,M"]
[Black "Liascovich,L"]
[Result "1/2-1/2"]
[WhiteElo "2295"]
[BlackElo "2432"]

1.e4 c5 2.Nf3 d6 3.Bb5+ Bd7 4.Bxd7+ Qxd7 5.O-O Nc6 6.c3 Nf6 7.d4 Nxe4 8.d5 Ne5
9.Re1 Nxf3+ 10.Qxf3 Nf6 11.Na3 e6 12.dxe6 fxe6 13.Bg5 Be7 14.Rad1 O-O 15.Qh3 h6
16.Qxe6+ Qxe6 17.Rxe6 hxg5 18.Rxe7 Rae8 19.Rde1  1/2-1/2

[Event "92nd ch-GBR"]
[Site "Douglas IOM"]
[Date "2005.08.10"]
[Round "9"]
[White "Hall,Dan"]
[Black "Hodgson,Jo"]
[Result "1/2-1/2"]
[WhiteElo "2037"]
[BlackElo "2225"]

1.e4 c5 2.Nf3 d6 3.Bb5+ Nc6 4.O-O Bd7 5.Re1 a6 6.Bf1 g6 7.c3 e5 8.d4 cxd4
9.cxd4 Bg4 10.d5 Nd4 11.Be2 Nxe2+ 12.Qxe2 Bg7 13.Nbd2 Ne7 14.h3 Bd7 15.Nc4 Nc8
16.a4 O-O 17.b3 f5 18.Ng5 Bf6 19.Ne6 Bxe6 20.dxe6 fxe4 21.Ba3 Re8 22.Rad1 Rxe6  1/2-1/2

[Event "Summer"]
[Site "Borovo CRO"]
[Date "2005.08.11"]
[Round "9"]
[White "Majeric,Z"]
[Black "Kovacevic,A"]
[Result "0-1"]
[WhiteElo "2359"]
[BlackElo "2537"]

1.e4 c5 2.Nf3 d6 3.Bb5+ Nd7 4.O-O a6 5.Bxd7+ Bxd7 6.d4 cxd4 7.Qxd4 Bg4 8.Qd3 Nf6
9.c4 g6 10.b3 Bg7 11.Bb2 O-O 12.h3 Bd7 13.Nc3 Qa5 14.Rfe1 Rfd8 15.Nd5 Nxd5
16.Bxg7 Nf4 17.Qc3 Qh5 18.Bd4 Bxh3 19.g3 Ne6 20.Bb6 Rdc8 21.Nh2 Rc6 22.Qe3 Nc5
23.Ba5 b5 24.cxb5 axb5 25.Bc3 f6 26.a4 bxa4 27.bxa4 Be6 28.a5 Nb3 29.Ra4 Qc5
30.Qxc5 Nxc5 31.Ra3 Bc8 32.Nf3 e5 33.Nd2 Be6 34.Rb1 d5 35.exd5 Bxd5 36.Rb5 Rd8
37.Rb6 Rxb6 38.axb6 Nb7 39.Bb4 Rc8 40.f3 Rc6 41.Ra8+ Kf7 42.Rh8 Kg7 43.Rb8 Rxb6
44.Bf8+ Kf7 45.Bh6 g5 46.f4 Kg6 47.fxg5 Rb2  0-1

[Event "American Continental"]
[Site "Buenos Aires ARG"]
[Date "2005.08.11"]
[Round "6"]
[White "Duje,R"]
[Black "Quiroga,F"]
[Result "0-1"]
[WhiteElo "2146"]
[BlackElo "2321"]

1.e4 c5 2.Nf3 d6 3.Bb5+ Bd7 4.Bxd7+ Qxd7 5.O-O Nc6 6.c3 Nf6 7.Re1 e6 8.d4 cxd4
9.cxd4 d5 10.e5 Ne4 11.Ng5 Nxg5 12.Bxg5 h6 13.Be3 O-O-O 14.Re2 Kb8 15.Nd2 Be7
16.a3 Na5 17.b4 Nc4 18.Nxc4 dxc4 19.Rc2 Qd5 20.Qe2 Rc8 21.Rac1 b5 22.f3 f5
23.Qf2 g5 24.Bd2 h5 25.Bc3 Kb7 26.Ra2 a6 27.a4 Ra8 28.Rca1 g4 29.Ra3 gxf3
30.Qxf3 Qxf3 31.gxf3 Rhb8 32.axb5 axb5 33.Ra5 Rxa5 34.Rxa5 Bd8 35.Rxb5+ Bb6
36.Kf2 Kc6 37.Rc5+ Bxc5 38.dxc5 Rd8 39.Ke2 Rd3 40.Bd2 Rb3 41.Be1 c3 42.Kd3 Rxb4
43.Bxc3 Rh4 44.Bd4 Rxh2 45.Bg1  0-1

[Event "It"]
[Site "Montreal CAN"]
[Date "2005.08.11"]
[Round "8"]
[White "Nataf,IA"]
[Black "Charbonneau,P"]
[Result "1/2-1/2"]
[WhiteElo "2583"]
[BlackElo "2509"]

1.e4 c5 2.Nf3 d6 3.Bb5+ Bd7 4.Bxd7+ Qxd7 5.c4 Nf6 6.Nc3 g6 7.d4 cxd4 8.Nxd4 Bg7
9.f3 O-O 10.Be3 Nc6 11.O-O a6 12.Rc1 Rac8 13.Na4 Qd8 14.c5 Nxd4 15.Bxd4 Ne8
16.Be3 dxc5 17.Nxc5 Nd6 18.Qb3 b5 19.Rfd1 Qa5 20.Bd2 Qb6 21.Be3 Qa5 22.Bd2 Qb6
23.Be3  1/2-1/2

[Event "Hotel Montesano Open A"]
[Site "Villa San Giovanni ITA"]
[Date "2005.08.11"]
[Round "5"]
[White "Okhotnik,V"]
[Black "Gouliev,N"]
[Result "1/2-1/2"]
[WhiteElo "2404"]
[BlackElo "2555"]

1.e4 c5 2.Nf3 d6 3.Bb5+ Nc6 4.Bxc6+ bxc6 5.e5 d5 6.h3 h6 7.Nc3 Bf5 8.b3 e6
9.Ba3 Qa5 10.Na4 c4 11.Bxf8 Kxf8 12.O-O Ne7 13.d4 g5 14.Nc5 Qc3 15.Rc1 Kg7
16.Qd2 Qxd2 17.Nxd2 cxb3 18.axb3 h5 19.c3 Ng6 20.Rfe1 g4 21.hxg4 hxg4 22.g3 Rh3
23.Ra1 Rah8 24.Kf1 Rh1+ 25.Ke2 Rxe1+ 26.Kxe1 Rh1+ 27.Nf1 Nf8 28.Ke2 Nh7 29.Rxa7 Ng5
30.Ne3 Be4 31.Nxe4 Nxe4 32.Nxg4 Nxc3+ 33.Ke3 Rb1 34.Ra8 Rxb3 35.Kf4 Ne4 36.Rc8 Rd3
37.f3 Nd2 38.Nf6 Rxf3+ 39.Kg4 Rf1 40.Rg8+ Kh6 41.Rh8+  1/2-1/2

[Event "FSIMC August"]
[Site "Budapest HUN"]
[Date "2005.08.12"]
[Round "7"]
[White "Vasvari,T"]
[Black "Le Quang Liem"]
[Result "1/2-1/2"]
[WhiteElo "2203"]
[BlackElo "2326"]

1.e4 c5 2.Nf3 d6 3.Bb5+ Nd7 4.O-O a6 5.Bxd7+ Bxd7 6.d4 cxd4 7.Qxd4 Bg4 8.Nbd2 Nf6
9.h3 Bh5 10.g4 Bg6 11.c4 e6 12.Re1 Be7 13.Nf1 O-O 14.Ng3 Nd7 15.Be3 Qc7 16.h4 Ne5
17.Nxe5 dxe5 18.Qb6 Qxb6 19.Bxb6 Bxh4 20.Rad1 f6 21.Rd6 Rae8 22.Kg2 f5 23.Rd7 fxg4
24.Rxb7 h5 25.Nf1 Bg5 26.Ra7 h4 27.Rxa6 Rf4 28.Be3 Rxe4 29.Nd2 Bxe3 30.fxe3 Rd8
31.Re2 Rxe3 32.Rxe3 Rxd2+ 33.Kg1 h3 34.Rxe6 g3 35.R6xe5 Rg2+ 36.Kh1 Rh2+
37.Kg1 Rg2+ 38.Kh1  1/2-1/2

[Event "American Continental"]
[Site "Buenos Aires ARG"]
[Date "2005.08.12"]
[Round "7"]
[White "Hernandez,Gi"]
[Black "Dominguez,L"]
[Result "1/2-1/2"]
[WhiteElo "2518"]
[BlackElo "2639"]

1.e4 c5 2.Nf3 d6 3.Bb5+ Bd7 4.Bxd7+ Qxd7 5.O-O Nf6 6.Re1 Nc6 7.c3 e6 8.d3 Be7
9.Nbd2 O-O 10.Nf1 Qc7 11.Ng3 Rfc8 12.Bf4 Qd8 13.Qe2 a6 14.Rad1 b5 15.d4 cxd4
16.Nxd4 Qb6 17.Be3 Qb7 18.Bg5 h6 19.Bxf6 Bxf6 20.Nh5 Be7 21.Qg4 Bf8 22.f4 Nxd4
23.Rxd4 Qe7 24.Red1 Rc6 25.h3 g6 26.f5 Qg5 27.fxg6 Qxg4 28.gxf7+ Kxf7 29.hxg4 Be7
30.Rf1+ Kg8 31.Kh2 Rf8 32.Rf3 Rc5 33.Kg3 Rf7 34.a4 Rf8 35.axb5 axb5 36.Rxf8+ Kxf8
37.Kf3 Ke8 38.Ng3 Kd7 39.Ne2 Bf6 40.Rb4 Kc6 41.Nd4+ Bxd4 42.Rxd4 Rg5 43.Rd1 Rg6
44.b3 e5 45.g3 Kc5 46.Rd5+ Kc6 47.Rd1 Kc5 48.Rd5+  1/2-1/2

[Event "American Continental"]
[Site "Buenos Aires ARG"]
[Date "2005.08.12"]
[Round "7"]
[White "Mieles Palau,D"]
[Black "Contreras,H"]
[Result "1-0"]
[WhiteElo "2476"]
[BlackElo "2328"]

1.e4 c5 2.Nf3 d6 3.Bb5+ Nd7 4.O-O a6 5.Bxd7+ Bxd7 6.h3 Nf6 7.Re1 e6 8.d4 cxd4
9.Qxd4 e5 10.Qd3 h6 11.c4 Be7 12.Nc3 O-O 13.a4 Be6 14.b3 Qc7 15.Be3 Qc6 16.Nd2 Nd7
17.Nd5 Bxd5 18.cxd5 Qc8 19.Rac1 Qd8 20.Rc2 Bg5 21.Rec1 Bxe3 22.Qxe3 Nc5 23.Nc4 b6
24.a5 b5 25.Nxd6 Nxb3 26.Nxf7 Rxf7 27.Qxb3 Qg5 28.d6 Qd8 29.Qe6 Qf6 30.Rc8+ Rxc8
31.Rxc8+ Kh7 32.Qxf6  1-0

[Event "HZ Open"]
[Site "Vlissingen NED"]
[Date "2005.08.12"]
[Round "7"]
[White "Tan,Mat"]
[Black "Odendahl,R"]
[Result "1/2-1/2"]
[WhiteElo "2298"]
[BlackElo "2376"]

1.e4 c5 2.Nf3 d6 3.Bb5+ Bd7 4.Bxd7+ Nxd7 5.O-O Ngf6 6.Qe2 e6 7.Rd1 Be7 8.b3 O-O
9.Bb2 a6 10.a4 Qc7 11.c4 Ne5 12.d4 Nxf3+ 13.Qxf3 cxd4 14.Bxd4 e5 15.Be3 b5
16.axb5 axb5 17.Na3 bxc4 18.Nxc4 h6 19.Rac1 Qb8 20.Bd2 Rc8 21.Qd3 Qb5 22.Be3 Rab8  1/2-1/2

[Event "14th Open"]
[Site "Kavala GRE"]
[Date "2005.08.13"]
[Round "2"]
[White "Svetushkin,D"]
[Black "Simeonov,A"]
[Result "1-0"]
[WhiteElo "2514"]
[BlackElo "2140"]

1.e4 c5 2.Nf3 d6 3.Bb5+ Bd7 4.Bxd7+ Nxd7 5.O-O g6 6.c3 Bg7 7.d4 Nh6 8.Qe2 O-O
9.Na3 cxd4 10.cxd4 Rc8 11.h3 a6 12.Rd1 Qa5 13.Bg5 f6 14.Bf4 Qh5 15.Rac1 g5
16.Bg3 Nf7 17.Nc4 e5 18.Ne3 exd4 19.Nxd4 Qxe2 20.Nxe2 Rxc1 21.Rxc1 Nc5 22.f3 f5
23.Nxf5 Bxb2 24.Rc2 Be5 25.Bxe5 Nxe5 26.Nxd6 b6 27.Nd4 Rd8 28.N4f5 Nf7 29.Nc4 Na4
30.Nce3 Nd6 31.Kf2 Nxf5 32.Nxf5 Nc5 33.Kg3 Kf7 34.h4 gxh4+ 35.Kxh4 Rd1 36.Kg4 Rd8
37.Kf4 Ke6 38.g3 Nd3+ 39.Ke3 Nc5 40.Rh2 Rd3+ 41.Kf4 Ra3 42.Rxh7 Nd3+ 43.Kg5  1-0

[Event "14th Open"]
[Site "Kavala GRE"]
[Date "2005.08.13"]
[Round "2"]
[White "Dzhumaev,M"]
[Black "Topalidis,K"]
[Result "1-0"]
[WhiteElo "2531"]
[BlackElo "2144"]

1.e4 c5 2.Nf3 d6 3.Bb5+ Bd7 4.Bxd7+ Qxd7 5.O-O Nc6 6.c3 Nf6 7.d4 cxd4 8.cxd4 e5
9.Nc3 Be7 10.Bg5 O-O 11.Bxf6 Bxf6 12.Nd5 Qg4 13.Nxf6+ gxf6 14.dxe5 dxe5 15.Re1 Rad8
16.Qb3 Rd7 17.h3 Qh5 18.Rad1 Rfd8 19.Rd5 Rxd5 20.exd5 Nd4 21.Nxd4 exd4 22.d6 Qc5
23.Qg3+ Qg5 24.Qa3 Qd5 25.Qg3+ Qg5 26.Qf3 Rxd6 27.Qxb7 Kg7 28.Qxa7 Qd2 29.Qe7 Rc6
30.Re4 h5 31.Qd7 Rc1+ 32.Kh2 d3 33.Qd4 Qe2 34.Re3 h4 35.Rxe2  1-0

[Event "American Continental"]
[Site "Buenos Aires ARG"]
[Date "2005.08.14"]
[Round "9"]
[White "Felgaer,R"]
[Black "Gurevich,D"]
[Result "1-0"]
[WhiteElo "2618"]
[BlackElo "2515"]

1.e4 c5 2.Nf3 d6 3.Bb5+ Nd7 4.d4 Nf6 5.Nc3 a6 6.Bxd7+ Nxd7 7.O-O e6 8.Bg5 Qc7
9.d5 e5 10.a4 g6 11.Nd2 Bg7 12.Nc4 Nb6 13.Na3 Bd7 14.a5 Nc8 15.Nc4 O-O 16.Qe2 Bb5
17.Bd2 Na7 18.Nxb5 axb5 19.Nb6 Rae8 20.Be3 f5 21.f3 h5 22.c3 Kh7 23.b4 Bh6
24.bxc5 Bxe3+ 25.Qxe3 dxc5 26.d6 Qxd6 27.Rfd1 Qe6 28.Qxc5 fxe4 29.fxe4 Rf7
30.Rd6 Qe7 31.Qd5 Qf8 32.Nd7 Qg7 33.Nc5 Rfe7 34.Rf1 Rf8 35.Rxf8 Qxf8 36.Nd7 Qf4
37.Nf6+ Kg7 38.Qg8+ Kh6 39.Qf8+ Rg7 40.Qh8+ Kg5 41.Qxg7  1-0

[Event "9th Open"]
[Site "Genova ITA"]
[Date "2005.08.14"]
[Round "8"]
[White "Pace,P"]
[Black "Gromovs,S"]
[Result "1-0"]
[WhiteElo "2198"]
[BlackElo "2375"]

1.e4 c5 2.Nf3 d6 3.Bb5+ Nd7 4.O-O a6 5.Be2 Ngf6 6.d3 g6 7.c3 Bg7 8.Nbd2 O-O
9.Re1 b5 10.Bf1 Rb8 11.d4 b4 12.h3 bxc3 13.bxc3 Qa5 14.Qc2 cxd4 15.cxd4 Bb7
16.Nb3 Qa4 17.Bd3 Rfc8 18.Qd1 Nb6 19.Bf4 Rc3 20.Qe2 Nc4 21.Rac1 Rxc1 22.Rxc1 Na5
23.Nxa5 Qxa5 24.Rb1 Nd7 25.Bc4 h6 26.e5 Bxf3 27.Rxb8+ Nxb8 28.Qxf3 dxe5 29.Bd2 Qd8
30.Qxf7+ Kh7 31.Ba5 Qc8 32.dxe5 h5 33.Bc3 Nd7 34.e6 Nf6 35.Bxf6 exf6 36.e7 Qb8  1-0

[Event "Hotel Montesano Open A"]
[Site "Villa San Giovanni ITA"]
[Date "2005.08.14"]
[Round "8"]
[White "Gouliev,N"]
[Black "Vocaturo,D"]
[Result "1-0"]
[WhiteElo "2555"]
[BlackElo "2372"]

1.e4 c5 2.Nf3 d6 3.Bb5+ Bd7 4.Bxd7+ Qxd7 5.O-O Nf6 6.Qe2 Nc6 7.Rd1 g6 8.c3 Qg4
9.d3 Ne5 10.Nbd2 Nh5 11.d4 Nf4 12.Qb5+ Nc6 13.g3 O-O-O 14.Kh1 Nh3 15.Rf1 d5
16.exd5 Rxd5 17.Qc4 Rf5 18.d5 Qxc4 19.Nxc4 Rxf3 20.dxc6 Rxf2 21.cxb7+ Kxb7
22.Be3 Rxf1+ 23.Rxf1 f6 24.Bxc5 Ng5 25.Na5+ Ka6 26.Nb3 Ne4 27.Re1 Nxc5 28.Nxc5+ Kb5
29.Nd7 Kc6 30.Nxf8 e5 31.Ne6 Kd6 32.Nf4 exf4 33.gxf4 Rb8 34.b3 Rb5 35.Rd1+ Kc6
36.Kg2 Ra5 37.Rd2 Ra3 38.Kf3 Ra5 39.Ke4 Rh5 40.c4 a5 41.Rd5 Rxh2 42.Rxa5 f5+
43.Kd4 Rf2 44.Ke3 Rh2 45.b4 Rc2 46.Rc5+ Kd6 47.a4 Rb2 48.Rd5+ Ke6 49.Re5+ Kf6
50.Rb5 h5 51.a5 Ra2 52.Rb6+ Kg7 53.a6 h4 54.Rb7+ Kh6 55.b5 h3 56.Rb8 Kg7
57.Rd8 h2 58.Rd1 Kf6 59.Rh1 Ke6 60.Rxh2  1-0

[Event "Grundfos Young Masters"]
[Site "Aarhus DEN"]
[Date "2005.08.15"]
[Round "3"]
[White "Maze,S"]
[Black "Bogner,S"]
[Result "1-0"]
[WhiteElo "2494"]
[BlackElo "2361"]

1.e4 c5 2.Nf3 d6 3.Bb5+ Bd7 4.Bxd7+ Qxd7 5.O-O Nc6 6.c3 Nf6 7.d4 Nxe4 8.d5 Ne5
9.Re1 Nxf3+ 10.Qxf3 Nf6 11.c4 e5 12.dxe6 fxe6 13.Nc3 Be7 14.Bg5 O-O-O 15.Qh3 e5
16.Qxd7+ Kxd7 17.Bxf6 gxf6 18.Rad1 Ke6 19.Nd5 f5 20.f4 Bf6 21.Kf1 Rhg8 22.Re3 Rg4
23.Rh3 Rh4 24.Rdd3 Rxh3 25.Rxh3 exf4 26.Rxh7 b5 27.b3 bxc4 28.bxc4 Ke5 29.Ke2 Rb8
30.Rxa7 Bh4 31.Kd3 Rb1 32.g3 fxg3 33.hxg3 Rd1+ 34.Ke2 Rxd5 35.cxd5 Bxg3 36.Rf7 f4
37.a4 Kxd5 38.a5 f3+ 39.Kxf3 Be5 40.a6 c4 41.a7  1-0

[Event "Masters"]
[Site "Abu Dhabi UAE"]
[Date "2005.08.15"]
[Round "2"]
[White "Al Tamimi,H"]
[Black "Karavade,E"]
[Result "0-1"]
[WhiteElo "2244"]
[BlackElo "2370"]

1.e4 c5 2.Nf3 d6 3.Bb5+ Nd7 4.d4 Nf6 5.Nc3 a6 6.Bxd7+ Nxd7 7.O-O e6 8.Bg5 Qc7
9.d5 e5 10.a4 h6 11.Bh4 g5 12.Bg3 b6 13.Nd2 Nf6 14.Nc4 Rb8 15.Qd3 Bd7 16.a5 b5
17.Nb6 Bg4 18.f3 Bh5 19.Nd1 Be7 20.Ne3 Bg6 21.c4 b4 22.Rad1 Bd8 23.Ra1 Qa7
24.Be1 Bxb6 25.axb6 Rxb6 26.Ra5 Qd7 27.Nf5 Bxf5 28.exf5 Kd8 29.Bf2 Kc7 30.Rfa1 Kb7
31.Qb1 Ra8 32.Be3 Qe7 33.Qc2 Qd7 34.Re1 Re8 35.Bf2 h5 36.Be3 Rg8 37.Raa1 g4
38.fxg4 Nxg4 39.h3 Nxe3 40.Rxe3 Rg5 41.Rf3 Ka7 42.Raf1 Rb8 43.R1f2 Rbg8 44.Re3 f6
45.Ree2 Rg3 46.Kh2 Qg7 47.Re1 Qg5 48.Qe2 Qh4 49.Qc2 R8g5 50.Ree2 Rxh3+  0-1

[Event "ch-FRA w"]
[Site "Chartres FRA"]
[Date "2005.08.15"]
[Round "1"]
[White "Fruteau,S"]
[Black "Muller,A"]
[Result "1/2-1/2"]
[WhiteElo "2133"]
[BlackElo "2169"]

1.e4 c5 2.Nf3 d6 3.Bb5+ Nd7 4.O-O Nf6 5.Qe2 e5 6.a4 Be7 7.d3 O-O 8.Nc3 Nb8
9.Nd1 Nc6 10.c3 h6 11.Bc4 Be6 12.Ne3 Na5 13.b4 Nxc4 14.Nxc4 cxb4 15.cxb4 Rc8
16.Nfd2 d5 17.Nxe5 Bxb4 18.Ndf3 Bc3 19.Bb2 dxe4 20.dxe4 Qa5 21.Bxc3 Qxc3
22.Rfe1 Rfd8 23.Qe3 Qa5 24.h3 Rc3 25.Qe2 Rc5 26.Qb2 Rdc8 27.Nd3 Rc3 28.Nf4 Rb3
29.Qe5 Qxe5 30.Nxe5 Rb4 31.Nxe6 fxe6 32.f3 Rc2 33.Nd3 Rd4 34.Red1 Kf8 35.a5 Ke7
36.Rab1 Rd7 37.Nf2 Rxd1+ 38.Nxd1 Kd6 39.Ne3 Re2 40.Nc4+ Kc5 41.Ne5 Kd6 42.Nd3 Kc6
43.Rc1+ Kd7 44.Nc5+ Ke7 45.Nxb7 Nh5 46.Rc7+ Kf6 47.Nc5 Nf4 48.Rxa7 Rxg2+
49.Kf1 Ra2 50.a6 Nxh3 51.Nd7+ Kg5 52.Nc5 Kf6 53.Ke1 Ng5 54.Rb7 Nxf3+ 55.Kd1 Nd4
56.Rb4 e5 57.Rb6+ Kg5 58.Nd3 h5 59.Nb4 Ra4 60.Kd2 h4 61.Rb7 h3 62.Rxg7+ Kh6
63.Rg3 Rxb4 64.Rxh3+ Kg5 65.Ra3 Rb8 66.Kd3 Kf4 67.Kc4 Kxe4 68.Kc5 Rb5+ 69.Kd6 Rd5+
70.Ke7 Nc6+ 71.Ke6 Na7 72.Ra4+ Rd4 73.Ra5 Nc6 74.a7 Nxa7 75.Rxe5+ Kd3  1/2-1/2

[Event "ch-AUT Qualifier"]
[Site "Gmunden AUT"]
[Date "2005.08.15"]
[Round "3"]
[White "Sandhu,M"]
[Black "Knoll,H"]
[Result "0-1"]
[WhiteElo "2291"]
[BlackElo "2355"]

1.e4 c5 2.Nf3 d6 3.Bb5+ Nc6 4.O-O Bd7 5.Re1 a6 6.Bf1 Nf6 7.c3 Bg4 8.d3 g6
9.Nbd2 Bg7 10.h3 Bxf3 11.Nxf3 O-O 12.Be3 Nd7 13.Qd2 Re8 14.g3 b5 15.Rac1 Qa5
16.a3 Rac8 17.Nh2 Qa4 18.f4 Na5 19.Qf2 Nb3 20.Rcd1 b4 21.axb4 cxb4 22.cxb4 Qxb4
23.d4 a5 24.f5 gxf5 25.Qxf5 e6 26.Qf2 Rf8 27.Ng4 Kh8 28.e5 f5 29.exf6 Nxf6
30.Nxf6 Rxf6 31.Qg2 d5 32.Bf4 Nxd4 33.Kh1 Rf7 34.Bd3 Qb3 35.Bb1 e5 36.Rxd4 exd4
37.Qe2 Rcf8 38.Qh5 d3 39.Rd1 Rf5 40.Qg4 Qxb2 41.Bxd3 R5f7 42.Qh5 Bc3 43.Bd6 Qb7
44.Bxf8 Rxf8 45.Qh4 d4+ 46.Kg1 Qg7 47.Rb1 Bb4 48.Rf1 Rxf1+ 49.Kxf1 Be7 50.Qe4 a4
51.Kg2 a3 52.Bc4 Qf6 53.Qd5 Kg7 54.h4 Bd6 55.Qg8+ Kh6 56.Bd3 Qe7 57.g4 Bf4
58.Qh8 Qb7+ 59.Kg1 Be3+ 60.Kh2 Qf7 61.Bf5 a2 62.Qa8 Kg7 63.Kg2 Bd2 64.Qa6 Bc3
65.Be6 a1=Q 66.Qxa1 Qb7+  0-1

[Event "Ada Open"]
[Site "Belgrade SCG"]
[Date "2005.08.16"]
[Round "2"]
[White "Mladenovic,M"]
[Black "Maksimovic,Mir"]
[Result "0-1"]
[WhiteElo "1871"]
[BlackElo "2193"]

1.e4 c5 2.Nf3 d6 3.Bb5+ Bd7 4.Bxd7+ Qxd7 5.O-O Nc6 6.c3 Nf6 7.Qe2 e6 8.Rd1 Be7
9.d4 cxd4 10.cxd4 O-O 11.Nc3 d5 12.e5 Ne8 13.Bg5 Rc8 14.Rac1 Nc7 15.Bxe7 Qxe7
16.Nb5 Nxb5 17.Qxb5 Qb4 18.Qe2 Nxd4 19.Nxd4 Rxc1 20.Rxc1 Qxd4 21.Rc3 Rd8
22.Rc7 Qb6 23.Qc2 d4 24.Rc8 d3 25.Rxd8+ Qxd8 26.Qd2 Qd4 27.Kf1 h6 28.f4 Kh7
29.g3 Kg8 30.Kg2 Qd5+ 31.Kf2 Qxa2 32.Ke3 Qd5 33.Qxd3 Qxd3+ 34.Kxd3 Kf8 35.Kc4 Ke7
36.Kc5 Kd7 37.b3 Kc7 38.b4 a6 39.b5 axb5  0-1

[Event "ch-AUT Qualifier"]
[Site "Gmunden AUT"]
[Date "2005.08.16"]
[Round "4"]
[White "Kreisl,R"]
[Black "Karner,C"]
[Result "1/2-1/2"]
[WhiteElo "2272"]
[BlackElo "2349"]

1.e4 c5 2.Nf3 d6 3.Bb5+ Bd7 4.Bxd7+ Qxd7 5.O-O Nf6 6.Re1 Nc6 7.c3 e6 8.d3 d5
9.e5 Ng8 10.Nbd2 Nge7 11.Nf1 Ng6 12.h4  1/2-1/2

[Event "Masters"]
[Site "Abu Dhabi UAE"]
[Date "2005.08.17"]
[Round "4"]
[White "Toufighi,H"]
[Black "Karavade,E"]
[Result "0-1"]
[WhiteElo "2170"]
[BlackElo "2370"]

1.e4 c5 2.Nf3 d6 3.Bb5+ Nd7 4.O-O Nf6 5.Re1 a6 6.Bxd7+ Bxd7 7.c3 e6 8.d4 Be7
9.Bg5 h6 10.Bh4 O-O 11.Nbd2 cxd4 12.cxd4 Bc6 13.Bxf6 Bxf6 14.Qb3 d5 15.e5 Be7
16.Nf1 Qa5 17.Qe3 Rfc8 18.N3d2 Ba4 19.Rec1 Bc2 20.Nb3 Qb6 21.Ng3 a5 22.Nh5 a4
23.Nc5 Qxb2 24.Qg3 Bg6 25.Rab1 Qxd4 26.Nxe6 Qd3 27.Qg4 Qf5 28.Qxf5 Bxf5 29.Nexg7 Bxb1
30.Rxb1 Ba3 31.e6 fxe6 32.Nxe6 Rc1+ 33.Rxc1 Bxc1 34.Kf1 Kf7 35.Nc7 Rc8 36.Nb5 Rc2  0-1

[Event "ch-AUT Qualifier"]
[Site "Gmunden AUT"]
[Date "2005.08.18"]
[Round "6"]
[White "Brandner,S"]
[Black "Kilgus,G"]
[Result "0-1"]
[WhiteElo "2348"]
[BlackElo "2348"]

1.e4 c5 2.Nf3 d6 3.Bb5+ Nd7 4.c3 Nf6 5.Qe2 a6 6.Ba4 Qc7 7.O-O b5 8.Bc2 Ne5
9.Nxe5 dxe5 10.a4 b4 11.d3 g6 12.f4 Bh6 13.fxe5 Bxc1 14.exf6 Bxb2 15.Ra2 bxc3
16.Bb3 exf6 17.Qc2 Qe5 18.Nd2 O-O 19.Nf3 Qd6 20.a5 Rb8 21.Ra4 Rxb3  0-1